000 00787cam a2200241 a 4500
001 000018040
005 20200929165329.0
008 910619s1962 fr 000 0 fre d
040 _aDO-SdBNP
_cDLC
_dDLC
_dBNPHU
041 1 7 _afre
_heng
_2Código de idioma MARC
082 _a813.54
_bB868p
100 1 _aBromfield, Louis,
_d1896-1956.
_94947
245 1 0 _aPrécoce automne /
_cLouis Bromfield ; Traduit de l'anglais par L. Baillon de Wailly.
260 _aParís :
_bStock,
_c1962.
300 _a433, [14] ; :
_b17 cm.
490 1 _aLe livre de poche
650 4 _aNovela estadounidense
_9262
650 4 _aLiteratura estadounidense
_9263
700 1 _aBaillon de Wailly, L.,
_etr.
_939111
830 3 _aLe livre de poche
_939112
910 _aCatalogación derivada
049 _aBNGR
999 _c17562
_d17562